书目信息 |
| 题名: |
基础刀工应用图解
|
|
| 作者: | 喻成清 主编 | |
| 分册: | ||
| 出版信息: | 合肥 安徽人民出版社 2007.03 |
|
| 页数: | 95页 | |
| 开本: | 29cm | |
| 丛书名: | 烹饪刀工技法应用丛书 | |
| 单 册: | ||
| 中图分类: | TS972.111-64 | |
| 科图分类: | ||
| 主题词: | 烹饪--原料--加工--图解 , 烹饪 , 原料 | |
| 电子资源: | ||
| ISBN: | 978-7-212-03031-5 | |
| 000 | 00925oam2 2200265 450 | |
| 001 | 003476326 | |
| 005 | 20070720133208.0 | |
| 010 | @a978-7-212-03031-5@dCNY29.80@z7-212-03031-7 | |
| 100 | @a20100913d2007 em y0chiy0110 ea | |
| 101 | 0 | @achi |
| 102 | @aCN@b340000 | |
| 105 | @aa z 000yy | |
| 200 | 1 | @a基础刀工应用图解@Aji chu dao gong ying yong tu jie@f喻成清主编 |
| 210 | @a合肥@c安徽人民出版社@d2007.03 | |
| 215 | @a95页@d29cm | |
| 225 | 2 | @a烹饪刀工技法应用丛书@e全彩版 |
| 330 | @a本书科学系统地以图解方式全面介绍了烹饪刀工的基本学识、正确姿势、工具种类、刀工基本类型、基本技法、应用刀法、花刀工艺型以及原料性能与刀工的应用、菜品配制与刀工的技巧等实用知识。 | |
| 461 | 0 | @12001 @a烹饪刀工技法应用丛书 |
| 606 | 0 | @a烹饪@x原料@x加工@j图解 |
| 606 | 0 | @a烹饪 |
| 606 | 0 | @a原料 |
| 690 | @aTS972.111-64@v5 | |
| 701 | 0 | @a喻成清@Ayu cheng qing@4主编 |
| 905 | @aBZT@dTS972.111-64@e1 | |
| 906 | @dCNY29.80@n0@r1 | |
| 基础刀工应用图解/喻成清主编.-合肥:安徽人民出版社,2007.03 |
| 95页;29cm.-(烹饪刀工技法应用丛书:全彩版) |
| ISBN 978-7-212-03031-5:CNY29.80 |
| 本书科学系统地以图解方式全面介绍了烹饪刀工的基本学识、正确姿势、工具种类、刀工基本类型、基本技法、应用刀法、花刀工艺型以及原料性能与刀工的应用、菜品配制与刀工的技巧等实用知识。 |
| ● |
| 相关链接 |
|
|
|
正题名:基础刀工应用图解
索取号:TS972.111-64/1
 
预约/预借
| 序号 | 登录号 | 条形码 | 馆藏地/架位号 | 状态 | 备注 |
| 1 | 768458 | 2000768458 | 中心书库中库/ 中库024架A面2列1层9/ [索取号:TS972.111-64/1] | 在馆 | |
| 2 | 768459 | 2000768459 | 中心书库中库/ 中库024架A面2列1层11/ [索取号:TS972.111-64/1] | 在馆 | |
| 3 | 768460 | 2000768460 | 中心书库中库/ 中库024架A面2列5层57/ [索取号:TS972.111-64/1] | 在馆 | |
| 4 | 768461 | 2000768461 | 中心书库中库/ 中库024架A面2列1层29/ [索取号:TS972.111-64/1] | 在馆 | |
| 5 | 768462 | 2000768462 | 中心书库中库/ 中库024架A面2列1层10/ [索取号:TS972.111-64/1] | 在馆 | |
| 6 | 768463 | 2000768463 | 中心书库中库/ 中库024架A面2列1层30/ [索取号:TS972.111-64/1] | 在馆 | |
| 7 | 768464 | 2000768464 | 中心书库中库/ 中库024架A面2列1层31/ [索取号:TS972.111-64/1] | 在馆 | |
| 8 | 768465 | 2000768465 | 中心书库中库/ 中库024架A面2列1层32/ [索取号:TS972.111-64/1] | 在馆 | |
| 9 | 768466 | 2000768466 | 中心书库中库/ 中库024架A面2列1层33/ [索取号:TS972.111-64/1] | 在馆 | |
| 10 | 768467 | 2000768467 | 中心书库中库/ 中库024架A面2列1层14/ [索取号:TS972.111-64/1] | 在馆 |